000 01157nam0a22002771 4500
001 rc\4739503
005 20260407133604.0
021 _aRU
_bРг6325-64
035 _a(NLR Aleph) 008451836
090 _a7814562
_c7814562
100 _a20130416d1964 |||y0rusy50 ca
101 0 _arus
102 _aRU
105 _aa z |||||
200 1 _aНожницы-кусачки пневматические ПНК-3
_eРуководство по эксплуатации
_fГос. ком. по судостроению СССР. Ордена Труд. Красного Знамени центр. науч.-исслед. ин-т технологии судостроения
205 _a2-е изд.
210 _a[Ленинград]
_cБ. и.
_d1964
215 _a8 с., 1 л. черт.
_d22
300 _aНа обороте тит. л. сост.: П.В. Мартынов
702 1 _aМартынов
_bП.В.
_4220
712 0 2 _aЦНИИ технологии судостроения
_cЛенинград
_3RU\NLR\AUTH\889998026
_9493362
801 0 _aRU
_bNLR
_gpsbo
801 1 _aRU
_bELAR
_2rusmarc
852 _aNLR
_j64-6/10153
942 _cBOOK
980 _aNB